Close-Up Movie Posters II Quiz Stats

 Plays Quiz Updated Aug 11, 2015

Challenge
Share
Tweet
Score 0/25 Timer 05:00
3 Plays Today
% Correct
Ghostbusters
98.3%
Forrest Gump
90.3%
E.T. the Extra-Terrestrial
90.3%
The Hangover
90.1%
Star Wars Episode IV: A New Hope
88.7%
Black Swan
88.4%
Home Alone
88.2%
Frozen
87%
American Beauty
80.4%
Pulp Fiction
76.2%
Breakfast at Tiffany's
76%
A Clockwork Orange
71.2%
The Usual Suspects
69.9%
% Correct
Gone with the Wind
67.3%
This Is the End
47.8%
Scarface
46.7%
(500) Days of Summer
45.7%
Boyhood
43.2%
Full Metal Jacket
40.9%
Rosemary's Baby
39.3%
Attack of the 50 Foot Woman
31.8%
Rebel Without a Cause
31%
Metropolis
24.7%
Lolita
22.7%
Blade Runner
20.7%

You're not logged in!

Compare scores with friends on all Sporcle quizzes.
Join for Free
OR
Log In

You Might Also Like...

Show Comments

Extras

Top Quizzes Today


Score Distribution

Your Account Isn't Verified!

In order to create a playlist on Sporcle, you need to verify the email address you used during registration. Go to your Sporcle Settings to finish the process.

Report this User

Report this user for behavior that violates our Community Guidelines.

Details: